| 000 | 00666cam a2200217 a 4500 | ||
|---|---|---|---|
| 001 | 12019511 | ||
| 005 | 20240401052344.0 | ||
| 008 | 000324s2000 ii b 001 0 eng | ||
| 020 | _a8185604401 | ||
| 040 |
_aDLC _cDLC _dDLC |
||
| 082 |
_222 _a330. _b4230. |
||
| 245 | 0 | 0 |
_aShifting sands : _bwomen's lives and globalization / _cCentre for Women's Development Studies. |
| 260 |
_aCalcutta : _bStree ; _aMumbai : _bDistributed by Popular Prakashan, _c2000. |
||
| 300 | _axiv, 326 p. ; | ||
| 650 | 0 | _aWomen | |
| 650 | 0 | _aWomen's rights | |
| 650 | 0 | _aGlobalization. | |
| 650 | 0 | _aSocial change | |
| 700 |
_aCentre for women's development studies . _eedt |
||
| 942 | _cL | ||
| 999 |
_c5870 _d5870 |
||